书目信息 |
| 题名: |
电工学
|
|
| 作者: | 聂典 编著 | |
| 分册: | ||
| 出版信息: | 西安 陕西师范大学出版社 2004.9 |
|
| 页数: | 322页 | |
| 开本: | 23cm | |
| 丛书名: | 高等学校经典教材配套辅导丛书 | |
| 单 册: | ||
| 中图分类: | TM1-43 , TN | |
| 科图分类: | ||
| 主题词: | 电工学--dian gong xue--高等学校--教学参考资料 , 电子技术--dian zi ji shu--高等学校--教学参考资料 , 电工学--dian gong xue , 电子技术--dian zi ji shu , 电工--理论 | |
| 电子资源: | ||
| ISBN: | 7-5613-3018-9 | |
| 000 | 01366nam0 2200349 450 | |
| 001 | 012005000000 | |
| 005 | 20251224153247.78 | |
| 010 | @a7-5613-3018-9@dCNY25.00 | |
| 100 | @a20050222d2004 em y0chiy0121 ea | |
| 101 | 0 | @achi |
| 102 | @aCN@b610000 | |
| 105 | @afk z 000yy | |
| 200 | 1 | @a电工学@Adian gong xue@e电子技术辅导及习题精解@f聂典 … [等]编著 |
| 205 | @a5版 | |
| 210 | @a西安@c陕西师范大学出版社@d2004.9 | |
| 215 | @a322页@c图@d23cm | |
| 225 | 2 | @a高等学校经典教材配套辅导丛书@Agao deng xue xiao jing dian jiao cai pei tao fu dao cong shu |
| 304 | @a本书编著者为:聂典、肖红军、郑学瑜等 | |
| 305 | @a在版题:2004年9月第1版 2004年9月第1次印刷 | |
| 330 | @a本书内容包括:半导体二极管和三极管;基本放大电路;集成运算放大器;正弦波振荡电路;直流稳压电源等,每章均由知识点归纳、练习与思考题解答、习题全解、经典习题与全真考题详解四部分组成。 | |
| 461 | 0 | @12001 @a高等学校经典教材配套辅导丛书 |
| 517 | 1 | @a电子技术辅导及习题精解@Adian zi ji shu fu dao ji xi ti jing jie |
| 606 | 0 | @a电工学@Adian gong xue@x高等学校@j教学参考资料 |
| 606 | 0 | @a电子技术@Adian zi ji shu@x高等学校@j教学参考资料 |
| 606 | 0 | @a电工学@Adian gong xue |
| 606 | 0 | @a电子技术@Adian zi ji shu |
| 606 | 0 | @a电工@x理论 |
| 690 | @aTM1-43@v4 | |
| 690 | @aTN@v4 | |
| 701 | 0 | @a聂典@Anie dian@4编著 |
| 801 | 0 | @aCN@b@c20100415 |
| 905 | @a10447@dTM1-43@eN555=5 | |
| 电工学:电子技术辅导及习题精解/聂典 … [等]编著.-5版.-西安:陕西师范大学出版社,2004.9 |
| 322页:图;23cm.-(高等学校经典教材配套辅导丛书) |
| ISBN 7-5613-3018-9:CNY25.00 |
| 本书内容包括:半导体二极管和三极管;基本放大电路;集成运算放大器;正弦波振荡电路;直流稳压电源等,每章均由知识点归纳、练习与思考题解答、习题全解、经典习题与全真考题详解四部分组成。 |
| ● |
| 相关链接 |
|
|
|
正题名:电工学
索取号:TM1-43/N555=5
 
预约/预借
| 序号 | 登录号 | 条形码 | 馆藏地/架位号 | 状态 | 备注 |
| 1 | 540353 | 205403534 | 自科库301/301自科库 1排3列4层/ [索取号:TM1-43/N555=5] | 在馆 | |
| 2 | 540354 | 205403543 | 自科库301/301自科库 7排2列5层/ [索取号:TM1-43/N555=5] | 在馆 | |
| 3 | 540355 | 205403552 | 自科库301/301自科库 7排2列5层/ [索取号:TM1-43/N555=5] | 在馆 |